Corporate governance and accountability

Αποθηκεύτηκε σε:
Λεπτομέρειες βιβλιογραφικής εγγραφής
Κύριος συγγραφέας: Solomon, J. Jill
Μορφή: Βιβλίο
Γλώσσα:English
Δημοσίευση: Chichester : John Wiley, c2007
Έκδοση:2nd ed.
Θέματα:
Ετικέτες: Προσθήκη ετικέτας
Δεν υπάρχουν, Καταχωρήστε ετικέτα πρώτοι!

MARC

LEADER 00000nam a2200000 i 4500
001 1/57193
008 071008s2007 eng d
020 |a 978-0-470-03451-4 
035 |l 10091276 
040 |a GR-MY-UA  |b gre  |e aacr 
041 0 |a eng 
082 0 |a 338.6  |2 (22) 
100 1 |a Solomon, J.  |q Jill. 
245 1 0 |a Corporate governance and accountability /  |c Jil Solomon 
250 |a 2nd ed. 
260 |a Chichester :   |b John Wiley,   |c c2007 
300 |a xvi, 386 σ.;  |c 24 εκ. 
504 |a Περιλαμβάνει βιβλιογραφικές παραπομπές και ευρετήριο 
650 0 0 |a Corporate governance. 
650 0 0 |a Boards of directors. 
650 0 0 |a Disclosure in accounting. 
852 |a INST  |b CHIOS  |e 20071008  |h 338.6 SOL  |p 005200028786  |q 005200028786  |t BK  |y 0 
901 |a BIBL2-2007-3 
909 |a Χ  |b 139440 
922 |a 2ΕΛΗ  |b 200709  |c ΕΠΕΑΕΚ2/ΤΔΕ  |d ΠΑΠΑΣΩΤΗΡΙΟΥ 
970 |a ΒΑΣΙΛΑΚΗ  |b ΝΙΚΗ  |z 2007/10/08